000 02753cam a2200445 4500500
005 20260329002119.0
041 _afre
042 _adc
100 1 0 _aEustache, Florence
_eauthor
700 1 0 _aDucrocq, Bérengère
_eauthor
700 1 0 _aMendes, Nicolas
_eauthor
700 1 0 _aDupont, Charlotte
_eauthor
700 1 0 _aDelepine, Béatrice
_eauthor
700 1 0 _aMirallie, Sophie
_eauthor
700 1 0 _aPapaxanthos, Aline
_eauthor
700 1 0 _aMagnan, Fanny
_eauthor
700 1 0 _aGrèze, Cécile
_eauthor
700 1 0 _aHennebicq, Sylviane
_eauthor
700 1 0 _aKoscinski, Isabelle
_eauthor
700 1 0 _aDrapier, Hortense
_eauthor
700 1 0 _aFrapsauce, Cynthia
_eauthor
700 1 0 _aMayeur, Anne
_eauthor
700 1 0 _aClarotti, Marie-Ange
_eauthor
700 1 0 _aMons, Joffrey
_eauthor
700 1 0 _aSchmitt, Françoise
_eauthor
700 1 0 _aMay-Panloup, Pascale
_eauthor
700 1 0 _aBlagosklonov, Oxana
_eauthor
700 1 0 _aBrugnon, Florence
_eauthor
700 1 0 _aCabry, Rosalie
_eauthor
700 1 0 _aFauque, Patricia
_eauthor
700 1 0 _aThibault, Emmanuelle
_eauthor
700 1 0 _aMetzler-Guillemain, Catherine
_eauthor
700 1 0 _aRives, Nathalie
_eauthor
245 0 0 _aTransgender individuals and fertility preservation: Data from the French Cecos network
260 _c2022.
500 _a61
520 _aIn France, fertility preservation (FP) was until recently very rarely offered to transgender persons, even if they had an existing desire for a child. The proposed treatments, hormone therapy, and reassignment surgery are far from being without risk for gametic quality and production. French law authorizes FP before any treatment that has sterilizing risks. Thus, several centers for the study and preservation of eggs and sperm (Centres d’étude et de conservation des oeufs et du sperme, Cecos) have responded to these new requests. A national multicenter survey was conducted between January 2019 and October 2020 in 28 French Cecos network centers. Each center was surveyed to find out how many trans individuals were visiting, being informed, and being managed for FP. During this period, nearly 600 trans individuals visited a Cecos. Trans men were significantly younger than trans women. Nearly half of the trans people who came were able to perform egg or sperm conservation, with 66% of trans women doing so, but only 11% of trans men. This study shows that the vast majority of Cecos are able to offer trans people FP, and is the first study with such a large population.
786 0 _nMédecine de la Reproduction | 24 | 1 | 2022-01-01 | p. 84-90 | 2650-8427
856 4 1 _uhttps://stm.cairn.info/journal-medecine-de-la-reproduction-2022-1-page-84?lang=en&redirect-ssocas=7080
999 _c1811839
_d1811839